Giáo dục công dân 7

Na minha lista:
Detalhes bibliográficos
Autor principal: Hà, Nhật Thăng
Outros Autores: Phạm, Văn Hùng
Formato: Livro
Idioma:Undetermined
Publicado em: H. Giáo dục 2008
Assuntos:
Acesso em linha:http://lrc.tdmu.edu.vn/opac/search/detail.asp?aID=2&ID=4773
Tags: Adicionar Tag
Sem tags, seja o primeiro a adicionar uma tag!
Thư viện lưu trữ: Trung tâm Học liệu Trường Đại học Thủ Dầu Một
LEADER 00652nam a2200205Ia 4500
001 TDMU_4773
008 210410s9999 xx 000 0 und d
082 |a 370.71 
090 |b H100 
100 |a Hà, Nhật Thăng 
245 0 |a Giáo dục công dân 7 
245 0 |c Hà Nhật Thăng 
260 |a H. 
260 |b Giáo dục 
260 |c 2008 
300 |a 64tr 
650 |a Sách lớp 5  |v Giáo khoa; Giáo dục công dân  |x Dạy và học  
700 |a Phạm, Văn Hùng 
856 |u http://lrc.tdmu.edu.vn/opac/search/detail.asp?aID=2&ID=4773 
980 |a Trung tâm Học liệu Trường Đại học Thủ Dầu Một